00245nam a2200109Ia 4500008004100000100001700041245003100058260000800089260000900097546001200106999001700118170619s9999 xx 000 0 und d aPandey- P.C. 0aModern Machining Processes bTMH c2011 aENGLISH c20571d20571